000 00705cam a22002532i 4500
001 CIP114006766
003 YEEZEN
005 20260313104727.0
008 250518s2025 ch e 000 0 chi d
020 _a9789869854771
_q(精裝) :
_cNT$3000
040 _aCIP
_bchi
_cCIP
042 _anbic
084 _a416.90933
_2ncsclt
090 _a416.90933
245 1 0 _a臺灣口腔醫學史
_b= The history of oral medicine in Taiwan /
_c陳銘助編撰
250 _a修訂一版
260 _a臺北市 :
_b牙醫師全聯會,
_c2025.05.
300 _a面 ;
_c公分
650 7 _2lcstt
_a口腔
650 7 _2lcstt
_a牙科
650 7 _2lcstt
_a歷史
651 7 _2lcstt
_a臺灣
942 _2ccl
_cBOOK
999 _c7702
_d7702